The way through which rubber arrived. 1. (Record no. 72764)

MARC details
000 -LEADER
fixed length control field 00350nam a2200133Ia 4500
100 ## - MAIN ENTRY--AUTHOR NAME
Personal name Mercykutty V.C.
245 #4 - TITLE STATEMENT
Title The way through which rubber arrived. 1.
260 ## - PUBLICATION, DISTRIBUTION, ETC. (IMPRINT)
Name of publisher Rubber
Year of publication 2004
300 ## - PHYSICAL DESCRIPTION
Number of Pages 12-Jul
650 ## - SUBJECT ADDED ENTRY--TOPICAL TERM
Topical Term Kottatingi Research Centre
650 ## - SUBJECT ADDED ENTRY--TOPICAL TERM
Topical Term Malaysian rubber board
942 ## - ADDED ENTRY ELEMENTS (KOHA)
Koha item type Malayalam
Holdings
Withdrawn status Lost status Damaged status Not for loan Home library Current library Date acquired Serial Enumeration / chronology Koha item type
      Journals RRII Library RRII Library 29/12/2021 Volume 462, Issue Malayalam